000 00700nam a2200205 4500
001 113233
003 ES-MaACL
005 20230906185815.0
007 t|
008 061121s1956 sp r ||||1| spa d
100 1 _aMyrdal, Gunnar.
_984763
245 1 4 _aLos efectos económicos de la política fiscal /
_cGunnar Myrdal ; traducción directa del sueco por Bengt Becker ; revisión por Manuel de Torres ; prólogo por Mauel Orbea.
250 _a[2ª ed.].
260 _aMadrid :
_bAguilar,
_c1956.
300 _aXXVIII, 408 p. ;
_c22 cm.
700 1 _aBecker, Bengt.
_926934
700 1 _aTorres, Manuel de.
_9110904
700 1 _aOrbea, Manuel.
_987156
852 _aES-MaACL
_jC-16901
_bR.45104
999 _c113233
_d113233